01699nam a2200397 a 4500001001200000003000800012006001900020007001500039008004100054010001700095020003100112040002100143035002100164050002400185082001600209245016700225260005300392300002500445490004200470504005300512533015200565650004700717650003200764650005200796650005600848650003700904650005200941650003600993655002901029700002001058700002001078710001701098830004301115856012601158999001701284ebr10329840CaPaEBRm u cr cn|||||||||090506s2009 gw a sb 001 0 eng  z 2009018007 z9783110215342 (alk. paper) aCaPaEBRcCaPaEBR a(OCoLC)50080855714aP118.2b.M57 2009eb04a401/.9322200aMinimalist inquiries into child and adult language acquisitionh[electronic resource] :bcase studies across Portuguese /cedited by Acrisio Pires, Jason Rothman. aBerlin ;aNew York :bMouton de Gruyter,cc2009. aviii, 354 p. :bill.1 aStudies on language acquisition ;v35 aIncludes bibliographical references and indexes. aElectronic reproduction.bPalo Alto, Calif. :cebrary,d2013.nAvailable via World Wide Web.nAccess may be limited to ebrary affiliated libraries. 0aSecond language acquisitionvCase studies. 0aBilingualismvCase studies. 0aPortuguese languagexAcquisitionvCase studies. 0aPortuguese languagexAbility testingvCase studies. 0aLinguistic changevCase studies. 0aGrammar, Comparative and generalvCase studies. 0aMinimalist theory (Linguistics) 7aElectronic books.2local1 aPires, Acrisio.1 aRothman, Jason.2 aebrary, Inc. 0aStudies on language acquisition ;v35.40uhttp://site.ebrary.com/lib/rucke/Doc?id=10329840zAn electronic book accessible through the World Wide Web; click to view c55674d55674